Посланията на тялото (Запис номер 140078)
[ съкратено ]
| 000 -Лидер | |
|---|---|
| Контролно поле с фиксирана дължина | 02184nam a2200481 c 4500 |
| 003 - Код на организацията, давaща контролен номер | |
| Контролно поле | BLK |
| 005 - Дата и час на последна редакция | |
| Контролно поле | 20230411140038.0 |
| 008 - Елементи от данни с фиксирана дължина | |
| fixed length control field | 180409b bul|||||r ||||||| ||bul|| |
| 010 ## - Наследен системен номер | |
| LC control number | KNG00146135000 |
| 020 ## - Международен стандартен номер на книга ISBN | |
| Международен стандартен номер на книга ISBN | 978-954-26-1007-6 |
| -- | издат.: Хермес |
| 040 ## - Източник на каталожния запис | |
| Идентификатор на билиотеката - собственик на записа | BLK |
| 041 ## - Код за език | |
| Код за езика на текст/звукозапис или на отделно заглавие | Български |
| Код за езика КДБФ | Български |
| 072 #7 - Код за тематичната категория | |
| Код организация | bullib |
| Код за тематична категория | Н61 |
| Текст | Медицина Н |
| 072 #7 - Код за тематичната категория | |
| Код организация | bullib |
| Код за тематична категория | Л03 |
| Текст | Себепознание. Мисловни техники. Психология. Парапсихология |
| 080 ## - УДК | |
| Текстов определител УДК | Тренировка на психиката. Сугестия. Медитация(психотерапевт. аспекти). Самовнушение. Автогенна тренировка, автогенна сугестия |
| УДК код - определител по УДК | 615.851.1 |
| УДК определител | |
| УДК - код + определител | 615.851.1 |
| 080 ## - УДК | |
| Текстов определител УДК | Патология. Клинична медицина |
| УДК код - определител по УДК | 616 |
| УДК определител | :159.923(02.062) |
| УДК - код + определител | 616:159.923(02.062) |
| 100 1# - Редна дума - Автор | |
| Автор | Сигъл, Ина |
| Авторска отговорност | първи автор |
| R(LIN) | 326941 |
| 139 ## - Редно поле | |
| Редна дума | Сигъл, Ина |
| Авторски знак | Си - С 35 |
| 245 10 - Сведения за заглавието | |
| Заглавие | Посланията на тялото |
| Подзаглавни данни | Вашият наръчник за здраве и благоденствие |
| Редно поле (дума) | Ина Сигъл; прев. от англ. Ирина Борисова Манушева. |
| 257 ## - Страна на издаване | |
| Страна на създаване/издаване | Съединени американски щати |
| 260 ## - Област на издателските данни | |
| -- | София |
| Име на издателя, разпространителя и проч. | Хермес |
| Година на издаване | 2011 |
| Печатница | Хасково : Полиграфюг |
| 300 ## - Физическа характеристика | |
| Страници | 368 с. |
| Размери/Мащаб | 20 см |
| 380 ## - Жанр | |
| Жанр | Медицина |
| 500 ## - Общи забележки | |
| Забележка | Ориг. загл. The Secret Language of Your Body / Inna Segal. - Азб. показалец. |
| 650 #4 - Допълнително описание по предмет – тема | |
| Основно описание – тема или топоним | Медицина, алтернативна |
| 9 (RLIN) | 266884 |
| 650 #4 - Допълнително описание по предмет – тема | |
| Основно описание – тема или топоним | Самовнушение |
| 9 (RLIN) | 170150 |
| 650 #4 - Допълнително описание по предмет – тема | |
| Основно описание – тема или топоним | Клинична медицина |
| 9 (RLIN) | 158752 |
| 653 ## - Ключова дума – ненормативна | |
| Ключова дума | алтернативна медицина |
| 653 ## - Ключова дума – ненормативна | |
| Ключова дума | самовнушение |
| 653 ## - Ключова дума – ненормативна | |
| Ключова дума | клинична медицина |
| 653 ## - Ключова дума – ненормативна | |
| Ключова дума | емоции |
| 653 ## - Ключова дума – ненормативна | |
| Ключова дума | чувства |
| 653 ## - Ключова дума – ненормативна | |
| Ключова дума | болести |
| 653 ## - Ключова дума – ненормативна | |
| Ключова дума | себепознание |
| 659 ## - Тематичен бюлетин | |
| Тематичен бюлетин | Л |
| 659 ## - Тематичен бюлетин | |
| Тематичен бюлетин | Н |
| 700 1# - Други автори (авторска отговорност) | |
| Лично име | Манушева, Ирина Борисова |
| 9 (RLIN) | 368041 |
| 852 ## - Местоположение | |
| Форматна сигнатура | Цб 261618 |
| 856 4# - Електронен адрес и достъп | |
| Електронен формат | pdf - файл |
| Път до файла /url/ | |
| 856 4# - Електронен адрес и достъп | |
| Електронен формат | pdf - файл |
| Път до файла /url/ | |
| 942 ## - АРТИКУЛИ | |
| Вид на библиотечния материал | Книги |
| Скрит в OPAC | Не |
| 944 ## - СЪЗДАВАНЕ И РЕДАКЦИЯ на ЗАПИСА | |
| Създаване/Редакция | Създаване |
| Дата на регистрацията/редакция | 17.07.2013 |
| Служител, извършил регистрацията/редакцията | Ирена_Линкова |
| 944 ## - СЪЗДАВАНЕ И РЕДАКЦИЯ на ЗАПИСА | |
| Създаване/Редакция | Редакция |
| Дата на регистрацията/редакция | 02.01.2014 |
| Служител, извършил регистрацията/редакцията | |
| 999 ## - СИСТЕМНИ КОНТРОЛНИ НОМЕРА | |
| Koha biblionumber | 140078 |
| Koha biblioitemnumber | 140078 |
| Код за отписване | Код за изгубен артикул | Код за повреда | Коз за рестрикции | Код за отдаване | Артикулен № | Име на библиотеката - собственик | Име на библиотеката, в която се намира в момента | Статус (Текущо местоположение) | Дата на вписване в системата | Местоположение - отдел | Цена в лева | Инвентарен номер | Систематично азбучна сигнатура | Баркод | Номер на екземпляра | Цена в евро | Служебна бележка | Служебен тип на артикула |
|---|---|---|---|---|---|---|---|---|---|---|---|---|---|---|---|---|---|---|
| Не е изгубен | Не е повреден | без рестрикции | ползва се в читалня | 229568 | Регионална библиотека "Любен Каравелов" Русе | Регионална библиотека "Любен Каравелов" Русе | Хранилище | 2013-07-18 | Хранилище | 14.95 | 120000768356 | Цб 261618 | 120000768356 | 1 | 7.64 | Дост: Dp Вид: Д N: 16 Дата: 17.04.2012 | Книги |